00767 2200241 4500001002100000005001500021035002000036007000300056008004100059020002200100082001000122084001700132100002800149245013200177250003000309260003200339300005900371650002200430700002300452520002600475990001200501990001200513INLIS00000000000182620180328092928 a0010-0318000169ta180328 g 0 ind  a978-979-9137-34-0 a297.5 a297.5 ABU p0 aABU, Amr Ahmad Sulaiman1 aPanduan Mendidik Anak Muslim Usia Pra Sekolah :bMetode & Materi Dasar /cAbu Amr Ahmad Sulaiman; penerjemah, Ahmad Amin Sjihab acet.15.--ed. indonesia.-- aJakarta :bDarul Haq,c2016 ax, 112 hlm. :bilus. ;c21 cm. --Serial buku DH ke-31. aPENDIDIKAN AKHLAK0 aAHMAD, Amin Sjihab abibliografi: hlm. 112 a16507 a a16507 b